[Event "Ì13Â"]
[Site "Loo"]
[Date "2017.04.24"]
[Round "5.19"]
[White "Òåðçÿí, Íàçàð."]
[Black "Ìî÷àëèí, Ôàääåé."]
[Result "0-1"]
[WhiteElo "1715"]
[BlackElo "1925"]
[PlyCount "70"]
[EventDate "2017.04.20"]

1. d4 d5 2. Nf3 Nf6 3. e3 c5 4. Bd3 Nbd7 5. b3 g6 6. Bb2 Bg7 7. O-O O-O 8. Nbd2
b6 9. Qe2 Bb7 10. Ne5 Ne4 11. f3 Nxd2 12. Qxd2 f6 13. Nxd7 Qxd7 14. c4 e6 15.
Rad1 Rad8 16. Qe2 Qc7 17. Rfe1 Rfe8 18. Qc2 f5 19. dxc5 bxc5 20. Bxg7 Kxg7 21.
Re2 d4 22. e4 Qf7 23. Rde1 f4 24. e5 Kh8 25. Qd2 g5 26. Be4 Rg8 27. Bxb7 Qxb7
28. Re4 Qg7 29. h4 Rdf8 30. b4 Qf7 31. bxc5 gxh4 32. Rxd4 h3 33. Re2 Qh5 34.
Rxf4 hxg2 35. Rg4 Qh1+ 0-1

[Event "Ì13Â"]
[Site "Loo"]
[Date "2017.04.24"]
[Round "5.20"]
[White "Êóíäÿíîê, Âëàäèñëàâ."]
[Black "Äàí÷åíêî, Àðòåìèé."]
[Result "1-0"]
[WhiteElo "1810"]
[BlackElo "1888"]
[PlyCount "121"]
[EventDate "2017.04.20"]

1. e4 e5 2. Nf3 Nc6 3. Bb5 a6 4. Ba4 Nf6 5. O-O Nxe4 6. d4 b5 7. Bb3 d5 8. dxe5
Be6 9. c3 Bc5 10. Qe2 O-O 11. Bc2 Bf5 12. Be3 Bxe3 13. Qxe3 Bg6 14. Rd1 Na5 15.
Bxe4 Nc4 16. Qc5 Bxe4 17. Nbd2 Bc2 18. Rdc1 Bf5 19. Nxc4 bxc4 20. Rd1 Be4 21.
Ne1 Qg5 22. f3 Bf5 23. Rxd5 Rab8 24. Qf2 Be6 25. f4 Qe7 26. Rd2 f6 27. exf6
Qxf6 28. g3 c6 29. Nf3 Bd5 30. Ne5 Rbe8 31. Nd7 Qe6 32. Nxf8 Qe4 33. Rxd5 Qxd5
34. Nxh7 Kxh7 35. Qc2+ Kg8 36. Rd1 Qf3 37. Rf1 Qd5 38. Qg2 Re4 39. Qf3 Qc5+ 40.
Qf2 Qe7 41. Qb6 Re2 42. Qxc6 Qe3+ 43. Kh1 Qd2 44. Qc8+ Kf7 45. Qxc4+ Ke8 46.
Qg8+ Kd7 47. Qxg7+ Kc8 48. Qf8+ Kd7 49. Qf7+ Kc8 50. Qc4+ Kb7 51. Qb4+ Ka8 52.
Qf8+ Kb7 53. Qg7+ Ka8 54. Qf8+ Kb7 55. Qf7+ Ka8 56. Qh5 Re3 57. Rd1 Qf2 58.
Rd8+ Kb7 59. Qd5+ Kc7 60. Rd7+ Kb6 61. Rb7# 1-0

[Event "Ì13Â"]
[Site "Loo"]
[Date "2017.04.24"]
[Round "5.21"]
[White "Ñìèðíîâ, Ñàâåëèé."]
[Black "Ëüâîâ, Íèêèòà."]
[Result "0-1"]
[WhiteElo "1532"]
[BlackElo "1879"]
[PlyCount "116"]
[EventDate "2017.04.20"]

1. e4 c5 2. Nf3 d6 3. d4 cxd4 4. Nxd4 Nf6 5. Nc3 g6 6. f3 Bg7 7. Be3 Nc6 8. Be2
O-O 9. O-O Nxd4 10. Bxd4 Be6 11. Qe1 Rc8 12. Rd1 Nd7 13. Qf2 Bxd4 14. Qxd4 Qb6
15. Bb5 Nc5 16. b3 Nxb3 17. Qxb6 axb6 18. Na4 Na5 19. Rf2 Nc4 20. Bxc4 Rxc4 21.
Nxb6 Rb4 22. Nd5 Bxd5 23. Rxd5 Rc8 24. a3 Rb2 25. Rdd2 Ra2 26. Rd3 Raxc2 27.
Rxc2 Rxc2 28. Rb3 Rc7 29. Kf2 Kg7 30. Ke3 Kf6 31. Kd4 h5 32. Rb6 Ke6 33. h3 h4
34. a4 g5 35. a5 Rc5 36. Rxb7 Rxa5 37. Rb2 Ra4+ 38. Ke3 f6 39. Rd2 f5 40. exf5+
Kxf5 41. Rd5+ Kf6 42. Rd2 Ke5 43. Rb2 Ra3+ 44. Kf2 d5 45. Re2+ Kd6 46. Rd2 e6
47. Rc2 d4 48. Rd2 Kd5 49. Re2 e5 50. Rd2 Kc4 51. Ke2 Re3+ 52. Kf2 Kb3 53. Rd1
Rc3 54. Rb1+ Kc4 55. Re1 Rc2+ 56. Kf1 Kd5 57. Rd1 Ke6 58. Re1 Kf5 0-1

[Event "Ì13Â"]
[Site "Loo"]
[Date "2017.04.24"]
[Round "5.22"]
[White "Ïëÿñóíîâ, Äàíèèë."]
[Black "Âàñèëüåâ, Àëåêñåé."]
[Result "1-0"]
[WhiteElo "1868"]
[BlackElo "1861"]
[PlyCount "73"]
[EventDate "2017.04.20"]

1. e4 c5 2. c3 Nf6 3. e5 Nd5 4. d4 cxd4 5. Qxd4 e6 6. Nf3 Nc6 7. Qe4 d6 8. Bb5
Bd7 9. exd6 Bxd6 10. O-O O-O 11. Rd1 Qc7 12. Bg5 Ne5 13. Bxd7 Nxd7 14. c4 N5f6
15. Qd3 Rad8 16. Qe2 Ne5 17. Nbd2 Nxf3+ 18. Nxf3 Be7 19. Rac1 Rc8 20. Rd4 Rfd8
21. Rcd1 h6 22. Bh4 Rxd4 23. Rxd4 Qa5 24. a3 Qf5 25. h3 g5 26. Bg3 Bc5 27. Rd1
Ne4 28. Kh2 Nxg3 29. fxg3 a5 30. Ne5 Rc7 31. Rf1 Qh7 32. Ng4 Bd4 33. Rd1 Qg7
34. Nxh6+ Kh7 35. Nxf7 Bf6 36. Nd6 Bxb2 37. Ne8 1-0

[Event "Ì13Â"]
[Site "Loo"]
[Date "2017.04.24"]
[Round "5.23"]
[White "Æóêîâ, Èâàí."]
[Black "Áîéêî, Àëåêñàíäð."]
[Result "1-0"]
[WhiteElo "1814"]
[BlackElo "1586"]
[PlyCount "69"]
[EventDate "2017.04.20"]

1. e4 d6 2. d4 Nf6 3. Nc3 g6 4. f3 Bg7 5. Be3 c6 6. Qd2 O-O 7. Bh6 Bxh6 8. Qxh6
e5 9. Nge2 Nbd7 10. O-O-O exd4 11. Nxd4 Ne5 12. h4 Qe7 13. Be2 Nh5 14. g4 Ng3
15. Rhg1 Nxe2+ 16. Ncxe2 c5 17. Nf5 Bxf5 18. gxf5 Nxf3 19. Rg3 Ne5 20. Nf4 Kh8
21. Nd5 Qd8 22. h5 Qh4 23. Rgg1 Qxh5 24. Qxh5 gxh5 25. Rh1 h4 26. Rxh4 Nf3 27.
Rh6 Kg7 28. Rdh1 Ng5 29. f6+ Kh8 30. R1h5 Rg8 31. Ne7 b6 32. Nxg8 Rxg8 33. c4
Rg6 34. Rxg6 fxg6 35. Rxg5 1-0

[Event "Ì13Â"]
[Site "Loo"]
[Date "2017.04.24"]
[Round "5.24"]
[White "Òèòîâ, Àëåêñàíäð."]
[Black "Êîçóáîâ, Ìèõàèë."]
[Result "1-0"]
[WhiteElo "1704"]
[BlackElo "1732"]
[PlyCount "79"]
[EventDate "2017.04.20"]

1. d4 Nf6 2. c4 g6 3. Nc3 d5 4. Nf3 Bg7 5. h4 O-O 6. cxd5 Nxd5 7. h5 Nxc3 8.
bxc3 e6 9. hxg6 fxg6 10. Bh6 Qf6 11. Bxg7 Qxg7 12. Qb3 Qf6 13. e3 Nc6 14. Bd3
Rb8 15. a4 b6 16. Ra2 Bb7 17. Qb5 Nd8 18. Ng5 h5 19. f4 Nf7 20. Nf3 a6 21. Qb1
Kg7 22. Nh4 Nh8 23. Nf3 Nf7 24. Rf2 Nh8 25. Ne5 Rbd8 26. Rh3 Rg8 27. g4 hxg4
28. Nxg4 Qe7 29. Ne5 Qf6 30. Rfh2 Kf8 31. Rh7 a5 32. Rxc7 Bc8 33. Qxb6 Re8 34.
Qd6+ Re7 35. Qd8+ Kg7 36. Qxe7+ Qxe7 37. Rxe7+ Kf6 38. Rxh8 Kxe7 39. Rxg8 Kd6
40. Rxc8 1-0

[Event "Ì13Â"]
[Site "Loo"]
[Date "2017.04.24"]
[Round "5.26"]
[White "Äìèòðèåâ, Èâàí."]
[Black "Ïàíüêîâ, Äàíèèë."]
[Result "1/2-1/2"]
[WhiteElo "1666"]
[BlackElo "1764"]
[PlyCount "47"]
[EventDate "2017.04.20"]

1. e4 c5 2. Nc3 e6 3. g3 d5 4. Bg2 Nf6 5. d3 Nc6 6. f4 Be7 7. Nf3 dxe4 8. dxe4
Qxd1+ 9. Kxd1 O-O 10. Be3 b6 11. Nd2 Rd8 12. e5 Nd5 13. Bf2 Bb7 14. Nce4 Nd4
15. c3 Nc6 16. a3 Rac8 17. Rc1 Na5 18. Kc2 Ba6 19. Bf1 Bb7 20. Bg2 Ba6 21. Bf1
Bb7 22. Bg2 Ba6 23. Bf1 Bb7 24. Bg2 1/2-1/2

[Event "Ì11Ï"]
[Site "Loo"]
[Date "2017.04.24"]
[Round "5.1"]
[White "Æåëàíîâ, Ñåìåí."]
[Black "Õàðêåâè÷, Ñòåïàí."]
[Result "0-1"]
[WhiteElo "1502"]
[BlackElo "1807"]
[PlyCount "70"]
[EventDate "2017.04.20"]

1. c4 Nf6 2. Nc3 g6 3. e4 e5 4. Nf3 Nc6 5. d4 exd4 6. Nxd4 d6 7. Nxc6 bxc6 8.
g3 Bg7 9. Bg2 Bd7 10. O-O O-O 11. Bg5 h6 12. Be3 Be6 13. Qa4 Nd7 14. f4 c5 15.
Qa6 Nb6 16. Nd5 Bxd5 17. cxd5 Bxb2 18. Rab1 Bg7 19. a4 Qc8 20. Qb5 Qe8 21. Qxe8
Rfxe8 22. Ra1 Bxa1 23. Rxa1 Nc4 24. Bc1 Rab8 25. a5 Rb4 26. Kf2 Reb8 27. Bf1
Rb1 28. Rxb1 Rxb1 29. Bxc4 Rxc1 30. Bb5 Rc2+ 31. Kg1 c4 32. h3 c3 33. Kf1 Rh2
34. Bd3 c2 35. Bxc2 Rxc2 0-1

[Event "Ì11Ï"]
[Site "Loo"]
[Date "2017.04.24"]
[Round "5.2"]
[White "×ûíäûãûð, Òàìåðëàí."]
[Black "Ëåáçàê, ßðîñëàâ."]
[Result "1-0"]
[WhiteElo "1720"]
[BlackElo "1492"]
[PlyCount "107"]
[EventDate "2017.04.20"]

1. d4 d5 2. c4 c6 3. Nf3 Nf6 4. e3 e6 5. b3 Nbd7 6. Bb2 Be7 7. Bd3 b6 8. O-O
Bb7 9. Nbd2 O-O 10. Ne5 Nxe5 11. dxe5 Nd7 12. f4 f5 13. Nf3 c5 14. Qe2 Rc8 15.
Rad1 Rc7 16. Qc2 Qc8 17. cxd5 Bxd5 18. Bxf5 Rxf5 19. Rxd5 c4 20. Rdd1 cxb3 21.
Qxb3 Nc5 22. Qc4 a6 23. Nd4 b5 24. Qe2 Rf7 25. Rc1 Qb7 26. Rc2 Bd8 27. Rd1 Be7
28. Rdc1 Bf8 29. Qf3 Qb6 30. Qe2 Rfd7 31. Ba3 b4 32. Bb2 Rd5 33. Qc4 Rdd7 34.
f5 Re7 35. fxe6 Kh8 36. Nb3 Nxe6 37. Qe2 Ng5 38. Bd4 Qb7 39. Nc5 Qc8 40. Nxa6
Rxc2 41. Rxc2 Qb7 42. Nc5 Qb8 43. Qg4 h6 44. Nd7 Qe8 45. Nxf8 Qxf8 46. Bc5 Qe8
47. Bxe7 Qxe7 48. Rc8+ Kh7 49. Qf5+ g6 50. Qf6 Qxf6 51. exf6 h5 52. Rb8 h4 53.
Rxb4 Kg8 54. Rxh4 1-0

[Event "Ì11Ï"]
[Site "Loo"]
[Date "2017.04.24"]
[Round "5.3"]
[White "Ðóäíûé, Èëüÿ."]
[Black "Êðèâîâ, Íèêèòà."]
[Result "1/2-1/2"]
[WhiteElo "1465"]
[BlackElo "1573"]
[PlyCount "80"]
[EventDate "2017.04.20"]

1. d4 Nf6 2. c4 c5 3. d5 b5 4. cxb5 a6 5. bxa6 Bxa6 6. Nc3 d6 7. e4 Bxf1 8.
Kxf1 g6 9. g3 Bg7 10. Kg2 O-O 11. Nf3 Nbd7 12. h4 h5 13. Bg5 Qa5 14. Qd2 Kh7
15. Rhe1 Nb6 16. Qe2 Rfe8 17. Bd2 Qa7 18. e5 Nfxd5 19. Nxd5 Nxd5 20. Ng5+ Kg8
21. Nxf7 Qb7 22. Qf3 Nf4+ 23. Bxf4 Qxf3+ 24. Kxf3 Kxf7 25. exd6 exd6 26. Rxe8
Rxe8 27. Bxd6 Bxb2 28. Rb1 Bd4 29. a4 Ra8 30. Rc1 Rxa4 31. Bxc5 Bxc5 32. Rxc5
Kf6 33. Rc6+ Kf7 34. Rb6 Rc4 35. Ra6 Rb4 36. Rc6 Ra4 37. Rb6 Rc4 38. Ra6 Rb4
39. Rc6 Ra4 40. Rb6 Rc4 1/2-1/2

[Event "Ì11Ï"]
[Site "Loo"]
[Date "2017.04.24"]
[Round "5.5"]
[White "Êî÷åòîâ, Âÿ÷åñëàâ."]
[Black "Ìèõàéëåíêî, Íèêèòà."]
[Result "1/2-1/2"]
[WhiteElo "1561"]
[BlackElo "1428"]
[PlyCount "126"]
[EventDate "2017.04.20"]

1. d4 d5 2. Nc3 Nf6 3. Bf4 e6 4. e3 c5 5. Nf3 Bd6 6. dxc5 Bxc5 7. Bd3 O-O 8.
O-O Nc6 9. a3 a6 10. Qe2 Bd6 11. Bxd6 Qxd6 12. e4 Qc7 13. e5 Nd7 14. Rfe1 f6
15. exf6 Nxf6 16. Ne5 Nxe5 17. Qxe5 Qb6 18. Rf1 Ng4 19. Qg3 Nh6 20. b3 Bd7 21.
Rad1 Rac8 22. Ne2 Rf7 23. Kh1 Rcf8 24. f3 Qa5 25. a4 Qb6 26. Rfe1 Rf6 27. Nc1
Rc8 28. c4 dxc4 29. Bxc4 Bxa4 30. Bxe6+ Rxe6 31. bxa4 Rce8 32. Rxe6 Qxe6 33. h3
Nf5 34. Qf4 Qe5 35. Qxe5 Rxe5 36. Kh2 Re7 37. Nb3 Kf7 38. Nc5 Rc7 39. Ne4 Kf8
40. Rd2 h6 41. g4 Ne7 42. Rb2 Nd5 43. Nd6 b6 44. Kg3 a5 45. Rb5 Rc5 46. Rxc5
bxc5 47. Nb7 c4 48. Nxa5 Nb6 49. Kf4 c3 50. Ke3 Nxa4 51. Kd3 Kf7 52. Nb3 g5 53.
Nc1 Ke6 54. Ne2 Ke5 55. Kc2 Nc5 56. Kxc3 Ne6 57. Kd2 Nf4 58. Ke3 Nxh3 59. Ng3
Kf6 60. Ne2 Ke5 61. Nd4 Kf6 62. Nf5 Kg6 63. Ng3 Kf6 1/2-1/2

[Event "Ì11Ï"]
[Site "Loo"]
[Date "2017.04.24"]
[Round "5.6"]
[White "Ñâèðèäîâ, Ìàêñèì."]
[Black "ßóðîâ, Åãîð."]
[Result "0-1"]
[WhiteElo "1377"]
[BlackElo "1587"]
[PlyCount "90"]
[EventDate "2017.04.20"]

1. e4 c6 2. d4 d5 3. Nc3 dxe4 4. Nxe4 Nf6 5. Nxf6+ exf6 6. c3 Bd6 7. Bd3 O-O 8.
Qc2 h6 9. Ne2 Re8 10. O-O Qc7 11. h3 Nd7 12. Be3 c5 13. dxc5 Nxc5 14. Nd4 Nxd3
15. Qxd3 a6 16. Rad1 b5 17. Nf5 Bf8 18. Nd6 Re6 19. Nxc8 Rxc8 20. Rfe1 Rce8 21.
Qd2 Bd6 22. Bd4 Bf4 23. Be3 Bxe3 24. Rxe3 Rxe3 25. fxe3 Qg3 26. Re1 f5 27. Qf2
Qe5 28. Kf1 Qe4 29. Qf4 Qe6 30. b3 g5 31. Qd4 h5 32. c4 bxc4 33. Qxc4 Qd6 34.
Qe2 h4 35. Qf3 Qe5 36. Kf2 Kg7 37. Re2 Kg6 38. g3 hxg3+ 39. Qxg3 Qe4 40. Qf3
Qb4 41. Kg2 Re4 42. Kg3 Qc3 43. Kg2 Qd3 44. Kf2 f4 45. exf4 Rxf4 0-1

[Event "Ì11Ï"]
[Site "Loo"]
[Date "2017.04.24"]
[Round "5.7"]
[White "Áóíèí, Ñåðàôèì."]
[Black "Æîñàí, ßííèñ."]
[Result "1-0"]
[WhiteElo "1502"]
[BlackElo "1487"]
[PlyCount "125"]
[EventDate "2017.04.20"]

1. Nf3 c5 2. c4 Nc6 3. Nc3 Nf6 4. g3 e6 5. d4 b6 6. Bg2 Bb7 7. O-O Be7 8. b3
O-O 9. Bb2 Qc7 10. e3 Rfd8 11. d5 Ne5 12. Nxe5 Qxe5 13. dxe6 dxe6 14. Qc2 Bxg2
15. Kxg2 Qd6 16. Rad1 Qc6+ 17. Kg1 a6 18. Ne2 b5 19. Nf4 bxc4 20. Qxc4 Qb5 21.
Qc2 Rdc8 22. Rc1 Rab8 23. Qc4 Qa5 24. Be5 Rb4 25. Qe2 Qb5 26. Qxb5 Rxb5 27. Nd3
Rd8 28. Rfd1 Ng4 29. Bc3 Bg5 30. Nb2 Rc8 31. Nc4 Bf6 32. Bxf6 Nxf6 33. Nd6 Rbb8
34. Nxc8 Rxc8 35. Rxc5 Re8 36. Rc6 a5 37. Ra6 h6 38. Rxa5 Rc8 39. b4 Nd5 40.
Raxd5 exd5 41. Rxd5 Kf8 42. a4 Ke7 43. Kf1 Ke6 44. Rd4 Rc1+ 45. Ke2 Rc2+ 46.
Rd2 Rc4 47. Rb2 Kd6 48. Kd3 Rc7 49. a5 Kc6 50. b5+ Kb7 51. Rc2 Rd7+ 52. Kc3
Rc7+ 53. Kb3 Rd7 54. Kb4 Rd6 55. a6+ Kb6 56. Rc6+ Rxc6 57. bxc6 Kxc6 58. a7 Kb7
59. Kc5 Kxa7 60. Kd6 Kb7 61. Ke7 f5 62. Ke6 Kc7 63. Kxf5 1-0

[Event "Ì11Ï"]
[Site "Loo"]
[Date "2017.04.24"]
[Round "5.8"]
[White "Ðû÷èõèí, Âëàäèñëàâ."]
[Black "Ñåðåáðÿêîâ, Ñàââà."]
[Result "0-1"]
[WhiteElo "1491"]
[BlackElo "1432"]
[PlyCount "146"]
[EventDate "2017.04.20"]

1. c4 e6 2. Nc3 Nf6 3. Nf3 d5 4. d4 c6 5. cxd5 exd5 6. Bf4 Nbd7 7. e3 Bb4 8.
Bd3 O-O 9. O-O Re8 10. a3 Ba5 11. b4 Bc7 12. Bg3 Bxg3 13. hxg3 Ne4 14. Rc1 a5
15. b5 Ndf6 16. bxc6 bxc6 17. Na4 Qd6 18. Ne5 Qxa3 19. Nxc6 Ba6 20. Bxa6 Rxa6
21. Qc2 h6 22. Rb1 Ng4 23. Rbe1 Qd6 24. Ne5 Nxe5 25. dxe5 Qxe5 26. Qd3 Rc6 27.
Qb5 Qc7 28. Qxd5 Rd6 29. Qb5 Rc8 30. Qf5 Re8 31. Rc1 Qd8 32. Qb5 Rf6 33. Rcd1
Qa8 34. Nb6 Qb8 35. Rb1 Nc3 36. Qxa5 Nxb1 37. Nd7 Qb7 38. Nxf6+ gxf6 39. Qf5
Nd2 40. Rd1 Rd8 41. Rc1 Qb2 42. Rc7 Qb1+ 43. Qxb1 Nxb1 44. Kf1 Nd2+ 45. Ke2 Ne4
46. Kf3 Ng5+ 47. Kg4 Kg7 48. Rc6 Kg6 49. f4 h5+ 50. Kh4 Rd1 51. g4 Rh1+ 52. Kg3
h4+ 53. Kf2 Ne4+ 54. Ke2 Rh2 55. Kf3 Nd2+ 56. Kf2 h3 57. f5+ Kg5 58. Rc8 Rxg2+
59. Ke1 Kxg4 60. Rg8+ Kf3 61. Rh8 h2 62. Rh3+ Ke4 63. Rh4+ Ke5 64. Rh3 Rg1+ 65.
Kxd2 h1=Q 66. Rxh1 Rxh1 67. e4 Kxe4 68. Ke2 Rh2+ 69. Kf1 Ke3 70. Kg1 Rf2 71.
Kh1 Kf3 72. Kg1 Kg3 73. Kh1 Rf1# 0-1

[Event "Ì11Ï"]
[Site "Loo"]
[Date "2017.04.24"]
[Round "5.9"]
[White "Ïîòàïîâ, Äìèòðèé."]
[Black "Ðàêèòèí, Äàíèèë."]
[Result "0-1"]
[WhiteElo "1383"]
[BlackElo "1663"]
[PlyCount "98"]
[EventDate "2017.04.20"]

1. e4 c5 2. c3 Nc6 3. d4 cxd4 4. cxd4 d5 5. exd5 Qxd5 6. Nf3 Nf6 7. Nc3 Qd8 8.
Bc4 e6 9. Bf4 Bd6 10. Bg3 Bxg3 11. hxg3 h6 12. a3 a6 13. O-O O-O 14. Rc1 Bd7
15. d5 exd5 16. Nxd5 Be6 17. Nxf6+ Qxf6 18. Bxe6 Qxe6 19. Re1 Qf6 20. Qb3 Rab8
21. Qb6 Qd8 22. Qc5 Rc8 23. Rcd1 Qc7 24. Ne5 Nxe5 25. Qxc7 Rxc7 26. Rxe5 Rc2
27. b4 Rc3 28. Ra5 Rc7 29. Rdd5 Rfc8 30. Rac5 Rxc5 31. Rxc5 Rxc5 32. bxc5 Kf8
33. Kf1 Ke7 34. Ke2 Ke6 35. Kd3 Kd5 36. c6 bxc6 37. f4 f5 38. Kc3 c5 39. Kd3
c4+ 40. Kc3 Kc5 41. Kc2 Kd4 42. a4 a5 43. Kd2 c3+ 44. Kc2 Kc4 45. Kc1 Kb3 46.
Kb1 Kxa4 47. Kc2 Kb4 48. Kb1 Kb3 49. Kc1 c2 0-1

[Event "Ì11Ï"]
[Site "Loo"]
[Date "2017.04.24"]
[Round "5.10"]
[White "Àâåðèí, Íèêîëàé."]
[Black "Êóçüìèíûõ, Íèêèòà."]
[Result "0-1"]
[WhiteElo "1363"]
[BlackElo "1585"]
[PlyCount "106"]
[EventDate "2017.04.20"]

1. e4 e5 2. Nf3 Nc6 3. Nc3 Nf6 4. d4 exd4 5. Nxd4 Bb4 6. Nxc6 bxc6 7. Bd3 O-O
8. O-O d5 9. exd5 cxd5 10. Bg5 c6 11. Qf3 Bd6 12. h3 h6 13. Bf4 Rb8 14. b3 Be6
15. Rfe1 Re8 16. Ne2 c5 17. Ng3 c4 18. Bf5 Qc7 19. Bxe6 Bxf4 20. Bxd5 Bxg3 21.
Bxc4 Bd6 22. Rad1 Bf8 23. a4 Rbd8 24. Qf5 Bb4 25. Rxe8+ Rxe8 26. Qb5 Re1+ 27.
Rxe1 Bxe1 28. Kf1 Bd2 29. Ke2 Bg5 30. g3 Qe7+ 31. Kf1 g6 32. f4 Qe3 33. Qb8+
Kg7 34. fxg5 Qf3+ 35. Ke1 Qe3+ 36. Be2 hxg5 37. Qd6 Ne4 38. Qd3 Qf2+ 39. Kd1
Qg1+ 40. Bf1 Nf2+ 41. Ke2 Nxd3 42. cxd3 Qxg3 43. Kd2 f5 44. Kc3 Qe1+ 45. Kc4
Qxf1 46. b4 f4 47. a5 f3 48. b5 f2 49. b6 Qc1+ 50. Kb5 f1=Q 51. bxa7 Qxd3+ 52.
Kb6 Qb3+ 53. Ka6 Qc6# 0-1

[Event "Ì11Ï"]
[Site "Loo"]
[Date "2017.04.24"]
[Round "5.11"]
[White "Êè÷èí, Àëåêñàíäð."]
[Black "Ñîêîëîâ, Åãîð."]
[Result "1-0"]
[WhiteElo "1576"]
[BlackElo "1372"]
[PlyCount "65"]
[EventDate "2017.04.20"]

1. e4 e5 2. Nf3 Nc6 3. Bb5 a6 4. Ba4 d6 5. O-O Nge7 6. d4 b5 7. Bb3 Nxd4 8.
Nxd4 exd4 9. c3 d3 10. Qxd3 Ng6 11. a4 Ne5 12. Qe2 Bd7 13. Bf4 Be7 14. Bxe5
dxe5 15. Qh5 O-O 16. Qxe5 Bd6 17. Qd4 Qh4 18. e5 Be7 19. Qxd7 Rad8 20. Qh3 Qe4
21. e6 f5 22. Qe3 Qh4 23. axb5 axb5 24. Qg3 Qh6 25. Na3 Rf6 26. Qxc7 Re8 27.
Nxb5 Rg6 28. Qd7 Kf8 29. Nc7 Rd8 30. Ra8 Rxa8 31. Nxa8 Qg5 32. g3 f4 33. Nc7
1-0

[Event "Ì11Ï"]
[Site "Loo"]
[Date "2017.04.24"]
[Round "5.12"]
[White "Ïîíîìàð¸â, Àíäðåé."]
[Black "×åðòêîâ, Ìàêñèì."]
[Result "0-1"]
[WhiteElo "1522"]
[BlackElo "1368"]
[PlyCount "98"]
[EventDate "2017.04.20"]

1. e4 e5 2. Nf3 Nc6 3. d4 exd4 4. Nxd4 Nf6 5. Nxc6 bxc6 6. e5 Qe7 7. Qe2 Nd5 8.
c4 Nb6 9. b3 Bb7 10. Ba3 c5 11. Nc3 O-O-O 12. O-O-O Bxg2 13. Bxg2 Qg5+ 14. f4
Qxf4+ 15. Kb1 Re8 16. Rhf1 Qg5 17. Qf3 c6 18. Qxf7 Be7 19. Qf2 Qxe5 20. Ne4
Qxh2 21. Bxc5 Bxc5 22. Qxc5 Qxg2 23. Nd6+ Kc7 24. Nxe8+ Rxe8 25. Qf2 Qe4+ 26.
Qc2 Qe7 27. Rde1 Qxe1+ 28. Rxe1 Rxe1+ 29. Kb2 h6 30. Qg2 Re7 31. Qg3+ d6 32. a4
Nd7 33. Qg1 Nc5 34. Ka3 a5 35. Qg2 Na6 36. Qf2 Nc5 37. Qd2 Nb7 38. b4 axb4+ 39.
Qxb4 Re3+ 40. Ka2 Re5 41. Kb1 Rg5 42. Qd2 Na5 43. Qc3 Re5 44. Ka2 h5 45. Ka3
Re3 46. Kb4 c5+ 47. Kb5 Rxc3 48. Ka6 Nc6 49. a5 Ra3 0-1

[Event "Ì11Ï"]
[Site "Loo"]
[Date "2017.04.24"]
[Round "5.13"]
[White "Ñàïðûêèí, Àëåêñåé."]
[Black "Ìàòâååâ, Àíäðåé."]
[Result "0-1"]
[WhiteElo "1352"]
[BlackElo "1512"]
[PlyCount "118"]
[EventDate "2017.04.20"]

1. Nf3 d5 2. d4 Bf5 3. c4 e6 4. e3 Nf6 5. Bd3 Bg6 6. O-O c5 7. Nc3 Nc6 8. Re1
Be7 9. Bxg6 hxg6 10. Qd3 Rc8 11. cxd5 Nxd5 12. Nxd5 Qxd5 13. e4 Qh5 14. h3 Rd8
15. Be3 cxd4 16. Bd2 e5 17. Qb5 Rd7 18. Rac1 O-O 19. Rc4 a6 20. Qb3 g5 21. Nh2
Qg6 22. Ng4 Qe6 23. Qd3 Rc8 24. Rec1 Rdd8 25. Qc2 Na7 26. Rc7 Qd6 27. Rxc8 Rxc8
28. Qb1 Rxc1+ 29. Qxc1 f6 30. Qc4+ Kf8 31. Qb3 b5 32. a3 Nc6 33. a4 Qc5 34.
axb5 Qxb5 35. Qe6 Nd8 36. Qa2 Nf7 37. f3 Nd6 38. b3 Nb7 39. Qc2 Nc5 40. b4 Qd3
41. Qc1 Nb3 42. Qc8+ Kf7 43. Nxe5+ fxe5 44. Qf5+ Kg8 45. Qe6+ Kh7 46. Qf5+ Kh8
47. Qc8+ Kh7 48. Qf5+ Kh6 49. Qe6+ Bf6 50. Qg8 g6 51. Qf8+ Bg7 52. Bxg5+ Kxg5
53. Qe7+ Bf6 54. h4+ Kh6 55. Qxf6 Qe3+ 56. Kh1 Qc1+ 57. Kh2 Qf4+ 58. Qxf4+ exf4
59. e5 Kg7 0-1

[Event "Ì11Ï"]
[Site "Loo"]
[Date "2017.04.24"]
[Round "5.14"]
[White "Áîëäûðåâ, Ãëåá."]
[Black "Ñìîëèí, Àëåêñàíäð."]
[Result "1/2-1/2"]
[WhiteElo "1500"]
[BlackElo "1361"]
[PlyCount "113"]
[EventDate "2017.04.20"]

1. e4 c5 2. Nf3 e6 3. d4 cxd4 4. Nxd4 Nf6 5. Nc3 d6 6. f3 a6 7. Be3 b5 8. Qd2
Nbd7 9. O-O-O Nb6 10. Qf2 Nfd7 11. g4 Bb7 12. h4 Rc8 13. g5 Rxc3 14. bxc3 Qc7
15. Qd2 Na4 16. Ne2 Ne5 17. Bf4 Nc4 18. Qe1 e5 19. Bd2 Nab2 20. Ng3 Nxd1 21.
Qxd1 Qa5 22. Bxc4 bxc4 23. Kb1 d5 24. Ka1 Qb5 25. Qb1 dxe4 26. Qxb5+ axb5 27.
fxe4 Bc5 28. Rb1 Bc6 29. a4 O-O 30. Rf1 Ra8 31. Kb1 Rxa4 32. Rd1 Ra8 33. Be1 g6
34. h5 Kf8 35. hxg6 hxg6 36. Bd2 Bf2 37. Be1 Bc5 38. Bd2 Rd8 39. Kc1 Bf2 40.
Be1 Rxd1+ 41. Kxd1 Bxe1 42. Kxe1 Ke7 43. Kd2 Kd6 44. Kc1 Kc5 45. Kb2 b4 46.
cxb4+ Kxb4 47. c3+ Kc5 48. Kc2 Kd6 49. Kb2 Bd7 50. Ka3 Be6 51. Kb4 Ke7 52. Kc5
f6 53. gxf6+ Kxf6 54. Kd6 Bf7 55. Ne2 g5 56. Ng3 g4 57. Ne2 1/2-1/2

[Event "Ì11Ï"]
[Site "Loo"]
[Date "2017.04.24"]
[Round "5.15"]
[White "Ëåâ÷åíêî, Ëåîíèä."]
[Black "Êîïûëîâ, Àðò¸ì."]
[Result "0-1"]
[WhiteElo "1343"]
[BlackElo "1481"]
[PlyCount "74"]
[EventDate "2017.04.20"]

1. e4 c5 2. f4 e6 3. Nf3 d6 4. Bb5+ Bd7 5. Bxd7+ Qxd7 6. O-O Nf6 7. Nc3 Nc6 8.
d4 cxd4 9. Nxd4 Be7 10. Be3 O-O 11. Qe1 Ng4 12. f5 Nxe3 13. Qxe3 Bf6 14. Nxc6
bxc6 15. Rad1 Be5 16. Qg5 exf5 17. Rxf5 Bxc3 18. bxc3 Qe6 19. Rd3 f6 20. Qg4
Rae8 21. Rf4 Qxg4 22. Rxg4 Re6 23. c4 f5 24. exf5 Rxf5 25. h3 g6 26. Ra3 a5 27.
Rb3 h5 28. Rd4 Kf7 29. Rb6 Rc5 30. Rf4+ Rf6 31. Rb7+ Ke6 32. Re4+ Re5 33. Rd4
Re2 34. Rb6 Ke5 35. Rd3 h4 36. Rxc6 Re1+ 37. Kh2 Rff1 0-1

[Event "Ì11Ï"]
[Site "Loo"]
[Date "2017.04.24"]
[Round "5.16"]
[White "Íàóìîâ, Àðòåì."]
[Black "Òðóõàíîâ, Ìèõàèë."]
[Result "1/2-1/2"]
[WhiteElo "1477"]
[BlackElo "1342"]
[PlyCount "80"]
[EventDate "2017.04.20"]

1. e4 c6 2. Nf3 d5 3. Nc3 dxe4 4. Nxe4 Bg4 5. Be2 Nd7 6. d4 Ngf6 7. Nxf6+ Nxf6
8. Bf4 e6 9. c3 Bd6 10. Bxd6 Qxd6 11. Ne5 Bxe2 12. Qxe2 O-O 13. O-O Nd7 14.
Rad1 Nxe5 15. dxe5 Qe7 16. Rd2 Rfd8 17. Rfd1 Rxd2 18. Qxd2 h6 19. Qd6 Kf8 20.
Qxe7+ Kxe7 21. Kf1 Rd8 22. Rxd8 Kxd8 23. Ke2 Ke7 24. Kd3 Kd7 25. Kd4 b6 26. Kc4
f6 27. f4 fxe5 28. fxe5 g6 29. h4 Kc7 30. b4 Kd7 31. a4 Kc7 32. Kd4 Kd7 33. Kc4
Kc7 34. Kd4 Kd7 35. Kc4 Kc7 36. Kd4 Kd7 37. Kc4 Kc7 38. Kd4 Kd7 39. Kc4 Kc7 40.
Kd4 Kd7 1/2-1/2

[Event "Ì11Ï"]
[Site "Loo"]
[Date "2017.04.24"]
[Round "5.17"]
[White "Ìåëèêÿí, Âàðäàí."]
[Black "Áàëàÿí, Ýäóàðä."]
[Result "0-1"]
[WhiteElo "1337"]
[BlackElo "1473"]
[PlyCount "36"]
[EventDate "2017.04.20"]

1. e4 c5 2. Nf3 e6 3. d4 cxd4 4. Nxd4 Nf6 5. Nc3 Bb4 6. Bd3 e5 7. Nf3 d5 8. O-O
Bxc3 9. bxc3 dxe4 10. Bb5+ Bd7 11. Bxd7+ Nbxd7 12. Nd2 O-O 13. Re1 Qc7 14. Nxe4
Nxe4 15. Rxe4 Nf6 16. Re3 Rfd8 17. Qe2 Qd6 18. Rxe5 Qxe5 0-1

[Event "Ì11Ï"]
[Site "Loo"]
[Date "2017.04.24"]
[Round "5.18"]
[White "Øèíêàðîâ, Àðòåì."]
[Black "Õîäüêî, Þðèé."]
[Result "1-0"]
[WhiteElo "1451"]
[BlackElo "1309"]
[PlyCount "61"]
[EventDate "2017.04.20"]

1. d4 Nf6 2. c4 g6 3. Nc3 Bg7 4. e4 d6 5. Be2 O-O 6. Bg5 h6 7. Be3 c5 8. dxc5
Qa5 9. Bd2 Qxc5 10. Nf3 b5 11. cxb5 Bb7 12. Be3 Qb4 13. Qd2 Nxe4 14. Nxe4 Qxe4
15. Bxh6 Rc8 16. Rc1 Nd7 17. Bxg7 Kxg7 18. O-O Ne5 19. Rfe1 Qg4 20. h3 Qe6 21.
Nxe5 dxe5 22. b3 f5 23. Bc4 Qd6 24. Qb2 Kf6 25. Rcd1 Qc5 26. Bd5 Bxd5 27. Qxe5+
Kf7 28. Rxd5 Qc7 29. Qe6+ Kf8 30. Qxg6 Qb6 31. Rxf5+ 1-0

[Event "Ì11Ï"]
[Site "Loo"]
[Date "2017.04.24"]
[Round "5.19"]
[White "Åôèìîâ, Ëåîíèä."]
[Black "Ðàæáàäèíîâ, Ðàñóë."]
[Result "0-1"]
[WhiteElo "1287"]
[BlackElo "1442"]
[PlyCount "122"]
[EventDate "2017.04.20"]

1. c4 e6 2. d4 d5 3. Nf3 Nf6 4. g3 Be7 5. Bg2 O-O 6. O-O c6 7. Bf4 b6 8. Ne5
Ba6 9. Nd2 Nfd7 10. Qa4 Bb7 11. Qb3 Nxe5 12. Bxe5 Nd7 13. Bf4 Bf6 14. e3 Be7
15. g4 Nf6 16. h3 h5 17. g5 Nd7 18. Nf3 Ba6 19. cxd5 Bxf1 20. Bxf1 cxd5 21. Ba6
f6 22. gxf6 Nxf6 23. Bb7 Ne4 24. Bxa8 Qxa8 25. Rc1 g5 26. Be5 Rxf3 27. Rc7 Rf7
28. Qc2 Bf8 29. Rxf7 Kxf7 30. Qc7+ Be7 31. f3 Nd2 32. Bd6 Qd8 33. Qxe7+ Qxe7
34. Bxe7 Kxe7 35. Kf2 Nc4 36. b3 Na3 37. Ke2 Kd6 38. Kd3 e5 39. e4 dxe4+ 40.
Kxe4 exd4 41. Kxd4 Nb5+ 42. Kc4 Nc7 43. Kd4 Ke6 44. Ke4 Nb5 45. a4 Nc3+ 46. Kd3
Nd5 47. Ke4 Nf6+ 48. Ke3 Ke5 49. Ke2 Kd4 50. Kd2 Nd5 51. b4 Nf4 52. a5 Nxh3 53.
axb6 axb6 54. b5 g4 55. f4 Nxf4 56. Kc2 g3 57. Kd2 g2 58. Kc2 g1=Q 59. Kd2 Qf2+
60. Kc1 Kc3 61. Kd1 Qd2# 0-1